000 00426nam a2200181Ia 4500
001 22275
005 20260414150820.0
008 260414t2011||||xx |||||||||||||| ||spa||
041 _aESP
082 _a621.3
_bY96
100 _aYusta Loyo, José María
_eAUT
245 0 _aTecnología eléctrica
_b
260 _c2011
300 _a413 páginas :
_c23 cm.
650 _aTCA
654 _aCET
942 _cLIB
_dJUS
_fJUS
_2ddc
_n
999 _c22275
_d22275